书目信息 |
| 题名: |
民族文化传播研究
|
|
| 作者: | ;中南民族大学 编 | |
| 分册: | ||
| 出版信息: | 武汉 湖北人民出版社 2015 |
|
| 页数: | 369页 | |
| 开本: | 24cm | |
| 丛书名: | ||
| 单 册: | ||
| 中图分类: | G03 | |
| 科图分类: | ||
| 主题词: | 民族文化--min zu wen hua--文化传播--研究--中国 | |
| 电子资源: | ||
| ISBN: | 978-7-216-08743-8 | |
| 000 | 00927nam0 22002291 450 | |
| 001 | 0120082116 | |
| 005 | 20170320082116.0 | |
| 010 | @a978-7-216-08743-8@dCNY32.00 | |
| 100 | @a20160119d2015 em y0chiy50 ea | |
| 101 | 0 | @achi |
| 102 | @aCN@b420000 | |
| 105 | @aa z 000yy | |
| 106 | @ar | |
| 200 | 1 | @a民族文化传播研究@9min zu wen hua chuan bo yan jiu@e2015@f中南民族大学民族文化传播研究中心编 |
| 210 | @a武汉@c湖北人民出版社@d2015 | |
| 215 | @a369页@c图@d24cm | |
| 330 | @a本书分为民族文化传承与传播、民族地区新闻传播、新媒体与民族文化传播、民族文化的海外传播四个部分。收录文章包括:《中华民族传统文化三个传播断层反思》、《我国传统文化载体的现代传播价值——以武当太极的文化阐释为例》等。 | |
| 606 | 0 | @a民族文化@9min zu wen hua@x文化传播@x研究@y中国 |
| 690 | @aG03@v5 | |
| 711 | 02 | @a中南民族大学@9zhong nan min zu da xue@b民族文化传播研究中心@4编 |
| 801 | 0 | @aCN@bTANGWEI@c20170308 |
| 905 | @b0956124-7@dG03@e104@f4 | |
| 民族文化传播研究:2015/中南民族大学民族文化传播研究中心编.-武汉:湖北人民出版社,2015 |
| 369页:图;24cm |
| ISBN 978-7-216-08743-8:CNY32.00 |
| 本书分为民族文化传承与传播、民族地区新闻传播、新媒体与民族文化传播、民族文化的海外传播四个部分。收录文章包括:《中华民族传统文化三个传播断层反思》、《我国传统文化载体的现代传播价值——以武当太极的文化阐释为例》等。 |
| ● |
| 相关链接 |
|
|
|
|
正题名:民族文化传播研究
索取号:G03/104
 
预约/预借
| 序号 | 登录号 | 条形码 | 馆藏地/架位号 | 状态 | 备注 |
| 1 | 0956124 | 209561240 | 第一样本阅览室/ [索取号:G03/104] | 在馆 | |
| 2 | 0956125 | 209561259 | 第四借阅区/ [索取号:G03/104] | 在馆 | |
| 3 | 0956126 | 209561268 | 第四借阅区/ [索取号:G03/104] | 在馆 | |
| 4 | 0956127 | 209561277 | 第四借阅区/ [索取号:G03/104] | 在馆 |